Movies Quiz

Random Movies or Famous Quiz

25 Quotes from Quotable Movies Quiz Stats

 Plays Quiz Updated Dec 26, 2014

Challenge
Share
Tweet
Embed
Score 0/25 Timer 05:00
25 Plays Today
% Correct
Forrest Gump
92.9%
The Shining
92.2%
Star Wars
91%
The Godfather
90.5%
Planet of the Apes
90.2%
Ghostbusters
88.4%
Office Space
85.7%
Scarface
83.2%
The Matrix
81.9%
The Big Lebowski
81.6%
Airplane!
81%
Full Metal Jacket
79.1%
Caddyshack
78.3%
% Correct
Dirty Harry
73.8%
The Blues Brothers
73.1%
Psycho
72.3%
Dr. Strangelove or: How I Learned to Stop Worrying and Love the Bomb
70.7%
Casablanca
70%
Animal House
70%
Pulp Fiction
69.7%
Monty Python and the Holy Grail
69.6%
Taxi Driver
69.5%
The Princess Bride
69%
Die Hard
68.1%
Sixteen Candles
66.7%

You're not logged in!

Compare scores with friends on all Sporcle quizzes.
Join for Free
OR
Log In

You Might Also Like...

Show Comments

Extras

Top Quizzes Today


Score Distribution

Your Account Isn't Verified!

In order to create a playlist on Sporcle, you need to verify the email address you used during registration. Go to your Sporcle Settings to finish the process.

Report this User

Report this user for behavior that violates our Community Guidelines.

Details: